| 000 | 00924nam a22003017a 4500 | ||
|---|---|---|---|
| 999 |
_c31695 _d31692 |
||
| 001 | 15902193 | ||
| 003 | OSt | ||
| 005 | 20210208150351.0 | ||
| 008 | 190425b ||||| |||| 00| 0 eng d | ||
| 010 | _a 2009319987 | ||
| 020 | _a9789966805485 | ||
| 020 | _a9966805486 | ||
| 040 |
_aMMU _cMMU _dMMU _beng |
||
| 042 | _alcode | ||
| 043 | _af-ug--- | ||
| 050 | 0 | 0 |
_aBR1725.O47 _bA3 2009 |
| 082 | 0 | 0 |
_a261.8/321092 _aB _222 |
| 100 | 1 | _aOkaalet, Peter. | |
| 245 | 1 | 0 |
_aBridge builder : _buniting faith and science towards an AIDS-free generation in Africa / _cPeter Okaalet with Agatha Verdadero. |
| 260 |
_aNairobi, Kenya : _bWordAlive Publishers, _c2009. |
||
| 300 |
_axiii, 160 p. ; _c21 cm. |
||
| 504 | _aIncludes index. | ||
| 600 | 1 | 0 | _aOkaalet, Peter |
| 650 | 1 | 0 |
_aClergy _zUganda _vBiography. |
| 650 | 1 | 0 |
_aPhysicians _zUganda _vBiography. |
| 650 | 1 | 0 |
_aAIDS (Disease) _xReligious aspects. |
| 942 |
_2lcc _cLOAN LOAN |
||